Una nueva técnica para la enseñanza de la matemática

Kaydedildi:
Detaylı Bibliyografya
Yazar: Dillon, Sonia G. L. de (Yazar)
Materyal Türü: Kitap
Dil:İspanyolca
Baskı/Yayın Bilgisi: Buenos Aires Paidós 1968
Seri Bilgileri:Biblioteca del educador contemporáneo. Serie mayor, 2
Konular:
Etiketler: Etiketle
Etiket eklenmemiş, İlk siz ekleyin!

MARC

LEADER 00000nam a2200000 a 4500
001 UCY8672
003 CL-VaPUC
008 950703e19680318AG |||||||||||||||||spa|d
082 0 4 |a 372.7  |b DIL  |2 21 
100 0 |a Dillon, Sonia G. L. de  |e author  |9 340286 
245 1 4 |a Una nueva técnica para la enseñanza de la matemática 
300 |a 87 p 
942 |c BK 
945 |d 19950703 00:00:00  |a lriquelm 
260 |a Buenos Aires  |b Paidós  |c 1968 
650 0 |a Matemática  |9 260235 
650 0 |a Métodos de enseñanza  |9 270413 
650 0 |a Aprendizaje   |9 254827 
650 0 |a Educación básica   |9 224933 
650 0 |a Métodos de aprendizaje  |9 334464 
583 |a last modification  |c 19950703 00:00:00  |k Rodrigo Vera 
490 0 |a Biblioteca del educador contemporáneo. Serie mayor, 2 
999 |c 235898  |d 235896 
952 |0 0  |1 0  |4 0  |6 372_700000000000000_DIL_1968  |7 0  |8 P  |9 243613  |a BIBEDU  |b BIBEDU  |c BIBEDU_PB  |d 2019-11-18  |i 1527711  |o 372.7 DIL 1968  |p 1527711  |r 2024-01-25  |w 2019-11-18  |y BK  |k EDU